Лубочная повесть: антология; Сказка о славном и сильном богатыре Бове Королевиче и о прекрасной супруге его Дружненвне; Сказка о сильном и славном витязе Еруслане Лазаревиче, о его храбрости и о невообразимой красоте супруги его Анастасии Вахрамеевны; История о храбром рыцаре Францыле Венциане и прекрасной королевне Ренцывене; Повесть о приключениях английского милорда Георга и бранденбургской маркграфини Фредерики-Луизы...; Битва русских с кабардинцами, или Прекрасная магометанка, умирающая на гробе своего мужа
| Outros autores: | |
|---|---|
| Summary: | Комментарии: с. 489-502 Книга посвящена русской лубочной повести XVIII—XIX вв. Прослежены основные закономерности развития жанра, его взаимодействие с «большой» литературой. Значительную часть книги составляют комментированные публикации текстов лубочных повестей. Для филологов, культурологов, студентов-гуманитариев и всех, кто интересуется историей русской культуры и «массовой» словесностью. |
| Idioma: | ruso |
| Publicado: |
Москва, ОГИ, 2005
|
| TOC: | Сказка о славном и сильном богатыре Бове Королевиче и о прекрасной супруге его Дружненвне; Сказка о сильном и славном витязе Еруслане Лазаревиче, о его храбрости и о невообразимой красоте супруги его Анастасии Вахрамеевны; История о храбром рыцаре Францыле Венциане и прекрасной королевне Ренцывене; Повесть о приключениях английского милорда Георга и бранденбургской маркграфини Фредерики-Луизы...; Битва русских с кабардинцами, или Прекрасная магометанка, умирающая на гробе своего мужа; |
| Series: | Нация и культура/ Новые материалы: Филология |
| Subjects: | |
| Formato: | Libro |
| KOHA link: | https://koha.lib.tpu.ru/cgi-bin/koha/opac-detail.pl?biblionumber=91463 |
MARC
| LEADER | 00000nam0a2200000 4500 | ||
|---|---|---|---|
| 001 | 91463 | ||
| 005 | 20231031104053.0 | ||
| 010 | |a 5942822166 | ||
| 035 | |a (RuTPU)RU\TPU\book\98051 | ||
| 090 | |a 91463 | ||
| 100 | |a 20060226d2005 m y0rusy50 ca | ||
| 101 | 0 | |a rus | |
| 102 | |a RU | ||
| 105 | |a y z 000zy | ||
| 200 | 1 | |a Лубочная повесть |e антология |f сост. А. И. Рейтблат | |
| 210 | |a Москва |c ОГИ |d 2005 | ||
| 215 | |a 504 с. | ||
| 225 | 1 | |a Нация и культура/ Новые материалы: Филология | |
| 300 | |a Комментарии: с. 489-502 | ||
| 330 | |a Книга посвящена русской лубочной повести XVIII—XIX вв. Прослежены основные закономерности развития жанра, его взаимодействие с «большой» литературой. Значительную часть книги составляют комментированные публикации текстов лубочных повестей. Для филологов, культурологов, студентов-гуманитариев и всех, кто интересуется историей русской культуры и «массовой» словесностью. | ||
| 464 | |t Сказка о славном и сильном богатыре Бове Королевиче и о прекрасной супруге его Дружненвне; Сказка о сильном и славном витязе Еруслане Лазаревиче, о его храбрости и о невообразимой красоте супруги его Анастасии Вахрамеевны; История о храбром рыцаре Францыле Венциане и прекрасной королевне Ренцывене; Повесть о приключениях английского милорда Георга и бранденбургской маркграфини Фредерики-Луизы...; Битва русских с кабардинцами, или Прекрасная магометанка, умирающая на гробе своего мужа | ||
| 610 | 1 | |a повести | |
| 610 | 1 | |a 18 век | |
| 610 | 1 | |a 19 век | |
| 610 | 1 | |a жанровые особенности | |
| 610 | 1 | |a лубочное творчество | |
| 610 | 1 | |a повести | |
| 675 | |a Р1 |v 3 | ||
| 702 | 1 | |a Рейтблат |b А. И. |4 220 | |
| 801 | 1 | |a RU |b 63413507 |c 20060226 |g PSBO | |
| 801 | 2 | |a RU |b 63413507 |c 20220131 |g PSBO | |
| 942 | |c BK | ||
| 959 | |a 18/20060226 |d 1 |e 241,56 |f ХФ:1 | ||